کليم عا جز کی نثر نگا ر ی (Record no. 92971)

MARC details
000 -LEADER
fixed length control field 00700nam a22002177a 4500
005 - DATE AND TIME OF LATEST TRANSACTION
control field 20150415150816.0
008 - FIXED-LENGTH DATA ELEMENTS--GENERAL INFORMATION
fixed length control field 140714b xxu||||| |||| 00| 0 Urdu d
010 ## - LCCN (DPL NO)
LC control number UR-8821
020 q# - INTERNATIONAL STANDARD BOOK NUMBER
Terms of availability 150.00
035 ## - SYSTEM CONTROL NUMBER
System control number U-7376
037 ## - SOURCE OF ACQUISITION
Source of stock number/acquisition DBAD/Pub.
040 ## - CATALOGING SOURCE
Original cataloging agency DPL
Language of cataloging Urdu
082 ## - DEWEY DECIMAL CLASSIFICATION NUMBER
Classification number 840.8
100 ## - MAIN ENTRY--PERSONAL NAME
Personal name ا بو ا لحيا ت
245 ## - TITLE STATEMENT
Title کليم عا جز کی نثر نگا ر ی
Remainder of title ا بو ا لحيا ت
246 ## - VARYING FORM OF TITLE
Title proper/short title Kaleem Aajiz ki Nasar nigari
Remainder of title By Dr. Abu Ul Hyaat
260 ## - PUBLICATION, DISTRIBUTION, ETC. (IMPRINT)
Place of publication, distribution, etc Patna
Name of publisher, distributor, etc Khuda Bakhsh Oriental Public Library
Date of publication, distribution, etc 2013
270 ## - ADDRESS
Address Khuda Bakhsh Oriental Public Library
City Patna
Postal code -4
300 ## - PHYSICAL DESCRIPTION
Extent 160-ص
Other physical details 22C.m.(PB)
942 ## - ADDED ENTRY ELEMENTS (KOHA)
Source of classification or shelving scheme Dewey Decimal Classification
Item type Urdu Bks
Classification part 840.8
Call number suffix ا ب و

No items available.


© Delhi Public Library
Hit Counter
free hit counter